Premier League Winners - Statistics

General Stats
  • This quiz has been taken 194 times
  • The average score is 95 of 118
Answer Stats
Year Answer % Correct
1907-1908 | 1910-1911 | 1951-1952 | +17 others Manchester United
100%
1936-1937 | 1967-1968 | 2011-2012 | 2013-2014 Manchester City
99%
1954-1955 | 2004-2005 | 2005-2006 | +3 others Chelsea
98%
1930-1931 | 1932-1933 | 1933-1934 | +10 others Arsenal
97%
1900-1901 | 1905-1906 | 1921-1922 | +15 others Liverpool
97%
2015-2016 Leicester
90%
1950-1951 | 1960-1961 Tottenham Hotspur
88%
1893-1894 | 1895-1896 | 1896-1897 | +4 others Aston Villa
80%
1890-1891 | 1914-1915 | 1927-1928 | +6 others Everton
79%
1904-1905 | 1906-197 | 1908-1909 | 1926-1927 Newcastle United
76%
1968-1969 | 1973-1974 | 1991-1992 Leeds United
71%
1977-1978 Nottingham Forest
69%
1911-1912 | 1913-1914 | 1994-1995 Blackburn Rovers
67%
1953-1954 | 1957-1958 | 1958-1959 Wolverhampton Wanderers
56%
1891-1892 | 1892-1893 | 1894-1895 | +3 others Sunderland
55%
1920-1921 | 1959-1960 Burnley
53%
1897-1898 Sheffield United
51%
1928-1929 | 1929-1930 Sheffield Wednesday
51%
1902-1903 | 1903-1904 The Wednesday
51%
1919-1920 West Bromwich Albion
44%
1971-1972 | 1974-1975 Derby County
40%
1948-1949 | 1949-1950 Portsmouth
36%
1888-1889 | 1889-1890 Preston North End
36%
1961-1962 Ipswich Town
19%
1923-1924 | 1924-1925 | 1925-1926 Huddersfield Town
14%
No matching quizzes found
Score Distribution
Percent of People with Each Score
Percentile by Number Answered
Your Score History
You have not taken this quiz